[Event "Washington State Invitational"]
[Site "Redmond"]
[Date "2016.02.13"]
[Round "6"]
[White "Nagase, Masayuki"]
[Black "Nagase, Toshihiro"]
[Result "1/2-1/2"]
[WhiteElo "1823"]
[BlackElo "1786"]
[PlyCount "21"]
[EventDate "2016.02.06"]
[EventType "tourn"]
[EventRounds "9"]
[EventCountry "USA"]
[SourceTitle "EXT 2018"]
[Source "ChessBase"]
[SourceDate "2017.10.13"]
[SourceVersion "1"]
[SourceVersionDate "2017.10.13"]
[SourceQuality "1"]

1. d4 d5 2. g3 e6 3. Bg2 Bd6 4. Nh3 Nf6 5. 0-0 0-0 6. f3 c5 7. c3 e5 8. dxe5 Bxe5 9. f4 Bc7 10. Nf2 Re8 11. Qc2 1/2-1/2

[Event "Washington State Invitational"]
[Site "Redmond"]
[Date "2016.02.07"]
[Round "4"]
[White "Arganian, David H"]
[Black "Nagase, Toshihiro"]
[Result "0-1"]
[WhiteElo "2041"]
[BlackElo "1786"]
[PlyCount "78"]
[EventDate "2016.02.06"]
[EventType "tourn"]
[EventRounds "9"]
[EventCountry "USA"]
[SourceTitle "EXT 2018"]
[Source "ChessBase"]
[SourceDate "2017.10.13"]
[SourceVersion "1"]
[SourceVersionDate "2017.10.13"]
[SourceQuality "1"]

1. e4 c5 2. Nf3 Nc6 3. d4 cxd4 4. Nxd4 g6 5. Nc3 Bg7 6. Nb3 d6 7. Be2 Nf6 8. 0-0 0-0 9. Bg5 Ne5 10. Re1 Be6 11. Nd5 Ned7 12. Bf1 Rc8 13. c3 Bxd5 14. exd5 Nb6 15. Bxf6 Bxf6 16. a4 Nc4 17. Bxc4 Rxc4 18. Nd2 Rc8 19. Ne4 Be5 20. a5 b5 21. Qd2 a6 22. g3 Qd7 23. Qh6 Bg7 24. Qh4 Rc4 25. Qg5 b4 26. cxb4 Rxb4 27. Qe3 Rxb2 28. Rac1 Rb5 29. Nc3 Rxa5 30. Qxe7 Qxe7 31. Rxe7 Rc8 32. Ne2 Rxc1+ 33. Nxc1 Kf8 34. Rc7 Rxd5 35. Kg2 Rc5 36. Rxc5 dxc5 37. Kf3 Ke7 38. Ke4 Kd6 39. g4 c4 0-1

[Event "Washington Class-ch A"]
[Site "Redmond"]
[Date "2012.11.25"]
[Round "6"]
[White "Nagase, Toshihiro"]
[Black "Bonrud, Neal"]
[Result "1/2-1/2"]
[WhiteElo "1794"]
[BlackElo "1824"]
[PlyCount "49"]
[EventDate "2012.11.23"]
[EventType "swiss"]
[EventRounds "6"]
[EventCountry "USA"]
[SourceTitle "EXT 2017"]
[Source "ChessBase"]
[SourceDate "2016.10.25"]
[SourceVersion "1"]
[SourceVersionDate "2016.10.25"]
[SourceQuality "1"]

1. d4 d5 2. c4 dxc4 3. e3 Nf6 4. Nf3 a6 5. Bxc4 e6 6. a3 c5 7. Nc3 b5 8. Ba2 Bb7 9. 0-0 cxd4 10. Nxd4 Be7 11. Qe2 0-0 12. b4 Qc7 13. Bb2 Nc6 14. Nf3 Rfd8 15. Rac1 Rd7 16. Rfd1 Rad8 17. Bb1 h6 18. Qc2 g6 19. h3 Kh7 20. Rxd7 Rxd7 21. Ne2 Qd8 22. Ne5 Nxe5 23. Bxe5 Be4 24. Qb3 Bxb1 25. Qxb1 1/2-1/2